Holiday Quiz

Random Holiday or Carol Quiz

Not Exactly Jingle Bells Quiz Stats

 Plays Quiz not verified by Sporcle

Also try: UnDeck the Halls
Challenge
Share
Tweet
Embed
Score 0/81 Timer 06:00
0 Plays Today
white Answer % Correct
*****the*****
100%
*In*
100%
*a*
100%
****open****
100%
******O'er******
100%
*******the*******
100%
*******the*******
100%
*on*
100%
****spirits****
100%
*what*
100%
*****and*****
100%
********a********
100%
*********tonight.*********
100%
*******the*******
100%
*what*
100%
*****is*****
100%
*in*
100%
**a**
100%
***open***
100%
**the**
100%
***what****
100%
********is********
100%
***in***
100%
****a****
100%
*****open*****
100%
*Dashing*
78.8%
******snow******
76.2%
white Answer % Correct
**through**
74.5%
***horse***
74.5%
****sleigh,****
74.5%
**one**
73.6%
*we*
70.1%
**go,**
70.1%
*hills*
68.8%
********way.********
66.7%
******all******
65.8%
*********Bells*********
60.2%
***fun***
57.6%
****ring,****
56.3%
***Making***
55.8%
*Oh*
55.8%
**bob**
54.5%
*****bright,*****
54.5%
*********song*********
54.5%
***tail***
54.1%
**one**
54.1%
**horse**
53.7%
***sleigh.***
53.7%
*Oh!*
53.2%
***fun***
53.2%
******to******
53.2%
*****it*****
52.8%
*******all*******
52.4%
*******way*******
52.4%
white Answer % Correct
*****sing******
51.9%
**bells,**
51.9%
******ride******
51.9%
*Jingle*
51.5%
****bells,****
51.5%
*Oh!*
51.1%
***Jingle***
51.1%
****Jingle****
51.1%
****ride****
49.8%
******sleighing******
49.8%
**Laughing**
48.9%
****to****
47.6%
*****sleigh.*****
46.8%
*******it*******
45.9%
*to*
45.9%
****one****
45.9%
****horse****
45.9%
*****fun*****
45.5%
*ride*
45.5%
***Oh!***
43.7%
****Jingle****
42.9%
**way.**
42.9%
*****bells,*****
42.4%
*all*
42.4%
******Jingle******
42%
********bells,********
41.6%
*********Jingle*********
41.1%

You're not logged in!

Compare scores with friends on all Sporcle quizzes.
Join for Free
OR
Log In

You Might Also Like...

Show Comments

Extras

Top Quizzes Today


Score Distribution

Your Account Isn't Verified!

In order to create a playlist on Sporcle, you need to verify the email address you used during registration. Go to your Sporcle Settings to finish the process.

Report this User

Report this user for behavior that violates our Community Guidelines.

Details: